000 00737nam a2200205 a 4500
008 120416s1978 ||||||||||||||||| || u
020 _a0070842434
050 _aHF 5718 Lor
100 _aLord, Gordon A
245 1 0 _aKnow what I mean? : people and communication /
260 _aLondon:
_bMcGraw-Hill Book Co
_c1978
300 _axix, 199p. : ill.
350 _a0.00
490 _aMcGraw-Hill business education courses
650 _aCOMMERCIAL CORRESPONDENCE
650 _aENGLISH LANGUAGE--BUSINESS ENGLISH
650 0 _aBUSINESS COMMUNICATION
650 0 _aBUSINESS
995 _D0.00
_FCBU-MAIN LIBRARY (Kitwe)
_H1
_I5.25
_M1
_UAVAILABLE
_ZMain Library Open Access Collection
999 _c48658
_d48658